00321nam a2200121Ia 4500008004100000020001400041050001500055100002000070245003600090260003600126300002400162650001300186150202s9999 xx 000 0 und d a821770195 aFIC bFIC  aMichaels, Fern. aCharming Lily /cFern Michaels. aNew York :bZebra Books,c2001. a351 pages :c18 cm. aFiction.